| 000 | 00756nam a2200241 a 4500 | ||
|---|---|---|---|
| 008 | |||
| 049 | _aMAIN | ||
| 090 | _aTD899 TEX | ||
| 110 | 1 | _aShirley Institute. | |
| 245 | 1 | 0 |
_aTextile effluent treatment and disposal / _c Shirley Institute. |
| 246 | _aShirley Institute Pamphlet No. 92. | ||
| 260 |
_a[S.l. : _bThe Cotton Silk and Man-made Fibres Research Association, _c1965 |
||
| 300 |
_a92 p. : _bill. ; _c23 cm. |
||
| 490 |
_aShirley Institute Pamphlet ; _vno. 92 |
||
| 650 | _aTextile disposal. | ||
| 650 | _aTextile treatment. | ||
| 650 | 1 | _aTextile effluent. | |
| 907 |
_a.b10223216 _b21-02-07 _c02-01-07 |
||
| 003 | |||
| 005 | 20230123134408.0 | ||
| 040 | _cNUST | ||
| 942 |
_cBOOKS _kTD899 TEX |
||
| 999 |
_c165167 _d165167 |
||